Traité d'anatomie humaine / (Record no. 120493)

MARC details
000 -LEADER
campo de control de longitud fija 00713nam a2200217 4500
001 - NÚMERO DE CONTROL
campo de control 120493
003 - IDENTIFICADOR DE NÚMERO DE CONTROL
campo de control ES-MaACL
005 - FECHA Y HORA DE LA ÚLTIMA TRANSACCIÓN
campo de control 20260131175748.0
007 - CAMPO FIJO DE DESCRIPCIÓN FÍSICA--INFORMACIÓN GENERAL
campo de control de longitud fija t|
008 - DATOS DE LONGITUD FIJA--INFORMACIÓN GENERAL
campo de control de longitud fija 070214m19111912sp r ||||1| spa d
100 1# - ENTRADA PRINCIPAL--NOMBRE DE PERSONA
Nombre de persona Poirier, Paul (
Fechas asociadas al nombre 1853-1907)
9 (RLIN) 92767
245 10 - MENCIÓN DEL TÍTULO
Título Traité d'anatomie humaine /
Mención de responsabilidad, etc. Paul Poirier ; A. Charpy ; Nouvelle edition entierement refondue par A. Nicolas.
250 ## - MENCION DE EDICION
Mención de edición Nouvelle edition entierement refondue.
260 ## - PUBLICACIÓN, DISTRIBUCIÓN, ETC.
Lugar de publicación, distribución, etc. Paris :
Nombre del editor, distribuidor, etc. La Hure,
Fecha de publicación, distribución, etc. 1911-12.
300 ## - DESCRIPCIÓN FÍSICA
Extensión 5 t. :
Otras características físicas il. ;
Dimensiones 26 cm.
500 ## - NOTA GENERAL
Nota general Son 5 tomos en 6 volúmenes.
700 1# - ENTRADA AGREGADA--NOMBRE PERSONAL
Nombre de persona Charpy, Adrien,
Fechas asociadas al nombre 1848-1911
9 (RLIN) 38118
700 1# - ENTRADA AGREGADA--NOMBRE PERSONAL
Nombre de persona Nicolas, A.
9 (RLIN) 218710
852 ## - LOCALIZACIÓN
Ubicación ES-MaACL
Número de control de estantería C-8612-17
Holdings
Estatus retirado Estado de pérdida Estado de daño No para préstamo Biblioteca de origen Biblioteca actual Ubicación en estantería Fecha de adquisición Fuente de adquisición Total de préstamos Signatura topográfica completa Código de barras Visto por última vez Precio de reemplazo Tipo de ítem Koha
        Biblioteca del Ateneo de Madrid Biblioteca del Ateneo de Madrid Sala Palomar 17/01/2008     C-8612-17 1125596 23/02/2023 23/02/2023 Libro impreso